000 00473nam a2200181Ia 4500
005 20250508152652.0
008 008 250505s9999 xx 000 0 hin d
037 _aTextual
040 _aFEDL
_beng
_cFEDL
041 _ahin
_2eng
084 _a891.432, PRA
_qFEDL
100 _aPrasad Jai Sankar
_9398468
245 0 _aKamna
260 _aPrayag, India
_bBharti Bhandar
300 _a100p.
942 _cTEXL
_h891.432, PRA
999 _c1337920
_d1337920